<?xml version="1.0" encoding="UTF-8"?>
<record
    xmlns:xsi="http://www.w3.org/2001/XMLSchema-instance"
    xsi:schemaLocation="http://www.loc.gov/MARC21/slim http://www.loc.gov/standards/marcxml/schema/MARC21slim.xsd"
    xmlns="http://www.loc.gov/MARC21/slim">

  <leader>01277    a2200205   4500</leader>
  <controlfield tag="001">40180</controlfield>
  <controlfield tag="005">20260407155656.0</controlfield>
  <controlfield tag="008">260407a1970    arg                 spa d</controlfield>
  <controlfield tag="003">AR-UNSa-BCEJYS</controlfield>
  <datafield tag="040" ind1=" " ind2=" ">
    <subfield code="a">AR-UNSa-BCEJYS</subfield>
    <subfield code="b">spa</subfield>
    <subfield code="c">AR-UNSa-BCEJYS</subfield>
  </datafield>
  <datafield tag="080" ind1=" " ind2=" ">
    <subfield code="a">930</subfield>
    <subfield code="x">Ciencia de la historia. Ciencias auxiliares de la historia (Historiograf&#xED;a...)</subfield>
  </datafield>
  <datafield tag="245" ind1="1" ind2="0">
    <subfield code="a">Los historiadores progresistas</subfield>
    <subfield code="p">Turner, Beard, Parrington</subfield>
  </datafield>
  <datafield tag="264" ind1=" " ind2="1">
    <subfield code="a">Buenos Aires :</subfield>
    <subfield code="b">Paid&#xF3;s</subfield>
    <subfield code="c">1970</subfield>
  </datafield>
  <datafield tag="300" ind1=" " ind2=" ">
    <subfield code="a">446 p.</subfield>
    <subfield code="c">23 cm.</subfield>
  </datafield>
  <datafield tag="505" ind1=" " ind2=" ">
    <subfield code="a">Parte I: Los antecedentes : 1. La historiograf&#xED;a antes de Turner - Parte II: Federick Jackson Turner : 2. Turner y la rebeli&#xF3;n del oeste - 3. La frontera, la secci&#xF3;n y el pasado utilizable - 4. La frontera como explicaci&#xF3;n - Parte III: Charles A. Beard : 5. Beard y el espiritu progresista - 6. La constituci&#xF3;n como documento docuemnto econ&#xF3;mico - 7. La constituci&#xF3;n y el pensamiento pol&#xED;tico - 8. Reconsideraciones - 9. La teor&#xED;a demon&#xED;aca de Frankl&#xED;n D. Roosevelt - Parte IV: V.L. Parrington : 10. Econom&#xED;a y cr&#xED;tica - 11. Cr&#xED;tica y pensamiento pol&#xED;tico - Parte V: Las consecuencias: 12.Conflicto y consenso en la historia norteamerica.</subfield>
  </datafield>
  <datafield tag="041" ind1=" " ind2=" ">
    <subfield code="a">spa</subfield>
  </datafield>
  <datafield tag="942" ind1=" " ind2=" ">
    <subfield code="c">BK</subfield>
  </datafield>
  <datafield tag="590" ind1=" " ind2=" ">
    <subfield code="a">niveau_biblio:m niveau_hierar:0</subfield>
  </datafield>
  <datafield tag="100" ind1="1" ind2=" ">
    <subfield code="a">Hofstadter, Richard</subfield>
  </datafield>
  <datafield tag="999" ind1=" " ind2=" ">
    <subfield code="c">3185</subfield>
    <subfield code="d">3185</subfield>
  </datafield>
  <datafield tag="952" ind1=" " ind2=" ">
    <subfield code="0">0</subfield>
    <subfield code="1">0</subfield>
    <subfield code="4">0</subfield>
    <subfield code="7">0</subfield>
    <subfield code="a">BCEJYS</subfield>
    <subfield code="b">BCEJYS</subfield>
    <subfield code="c">16</subfield>
    <subfield code="d">2026-04-07</subfield>
    <subfield code="l">0</subfield>
    <subfield code="o">930 H697</subfield>
    <subfield code="p">L23188</subfield>
    <subfield code="r">2026-04-07 15:56:56</subfield>
    <subfield code="w">2026-04-07</subfield>
    <subfield code="y">L</subfield>
  </datafield>
</record>
